The student nurse handbook : (Record no. 23795)
[ view plain ]
| 000 -LEADER | |
|---|---|
| fixed length control field | 00983cam a22002295a 4500 |
| 001 - CONTROL NUMBER | |
| control field | 17582474 |
| 005 - DATE AND TIME OF LATEST TRANSACTION | |
| control field | 20170102151053.0 |
| 008 - FIXED-LENGTH DATA ELEMENTS--GENERAL INFORMATION | |
| fixed length control field | 130107s2013 stk frb 001 0 eng d |
| 020 ## - INTERNATIONAL STANDARD BOOK NUMBER | |
| International Standard Book Number | 9780702045790 |
| 040 ## - CATALOGING SOURCE | |
| Original cataloging agency | DNLM/DLC |
| Transcribing agency | DLC |
| Language of cataloging | eng |
| Modifying agency | EG-ScBUE |
| 082 04 - DEWEY DECIMAL CLASSIFICATION NUMBER | |
| Edition number | 22 |
| Classification number | 610.73 |
| Item number | SIV |
| 100 1# - MAIN ENTRY--PERSONAL NAME | |
| Personal name | Siviter, Bethann. |
| 245 14 - TITLE STATEMENT | |
| Title | The student nurse handbook : |
| Remainder of title | a survival guide / |
| Statement of responsibility, etc | Bethann Siviter. |
| 250 ## - EDITION STATEMENT | |
| Edition statement | 3rd ed. |
| 260 ## - PUBLICATION, DISTRIBUTION, ETC. (IMPRINT) | |
| Place of publication, distribution, etc | Edinburgh : |
| Name of publisher, distributor, etc | Elsevier, |
| Date of publication, distribution, etc | 2013. |
| 300 ## - PHYSICAL DESCRIPTION | |
| Extent | x, 249 p. ; |
| Dimensions | 24 cm. |
| 504 ## - BIBLIOGRAPHY, ETC. NOTE | |
| Bibliography, etc | Includes bibliographical references and index. |
| 505 0# - FORMATTED CONTENTS NOTE | |
| Formatted contents note | Becoming and being a nurse -- Nursing models -- Academic work -- Clinical placements -- Basics of nursing -- Tools of the trade -- Cracking the code -- Safe and accurate administration of medicines -- Reading and understanding research -- Reflective practice and portfolios -- Legal issues for students. |
| 650 #7 - SUBJECT ADDED ENTRY--TOPICAL TERM | |
| Topical term or geographic name as entry element | Nursing |
| Source of heading or term | BUEsh |
| 9 (RLIN) | 36329 |
| General subdivision | Study and teaching |
| 653 ## - INDEX TERM--UNCONTROLLED | |
| Resource For college | Nursing |
| Arrived date list | January2017 |
| 942 ## - ADDED ENTRY ELEMENTS (KOHA) | |
| Source of classification or shelving scheme | Dewey Decimal Classification |
| Withdrawn status | Item status | Source of classification or shelving scheme | Damaged status | Not for loan | Vendor | Home library | Current library | Shelving location | Date acquired | Source of acquisition | Cost, normal purchase price | Serial Enumeration / chronology | Total Checkouts | Total Renewals | Full call number | Barcode | Date last seen | Date last borrowed | Cost, replacement price | Koha item type |
|---|---|---|---|---|---|---|---|---|---|---|---|---|---|---|---|---|---|---|---|---|
| Dewey Decimal Classification | Academic Bookshop | Central Library | Central Library | First floor | 02/01/2017 | Purchase | 279.50 | 2000074 | 5 | 15 | 610.73 SIV | 000040707 | 02/07/2024 | 02/11/2021 | 349.38 | Book - Borrowing |